[Event "Irena Warakomska Memorial 2019"]
[Site "Suwalki"]
[Date "2019.08.09"]
[Round "6"]
[White "Balinski, Damian"]
[Black "Shpanko, Nadiia"]
[Result "1/2-1/2"]
[Board "40"]
[WhiteElo "2176"]
[WhiteCountry "POL"]
[WhiteFideId "1120913"]
[WhiteEloChange "2"]
[BlackElo "2233"]
[BlackTitle "WFM"]
[BlackCountry "UKR"]
[BlackFideId "14132400"]
[BlackEloChange "-2"]

1. c4 {[%clk 1:30:57]} e6 {[%clk 1:30:51]} 2. g3 {[%clk 1:31:22]} d5 {[%clk
1:31:11]} 3. Bg2 {[%clk 1:31:44]} Nf6 {[%clk 1:31:18]} 4. Nf3 {[%clk 1:32:04]}
Be7 {[%clk 1:30:49]} 5. O-O {[%clk 1:32:27]} O-O {[%clk 1:30:58]} 6. b3 {[%clk
1:32:43]} c5 {[%clk 1:29:45]} 7. e3 {[%clk 1:31:47]} b6 {[%clk 1:29:04]} 8. Bb2
{[%clk 1:30:53]} Bb7 {[%clk 1:29:00]} 9. Qe2 {[%clk 1:30:21]} Nc6 {[%clk
1:25:23]} 10. Rd1 {[%clk 1:28:51]} Qc7 {[%clk 1:16:51]} 11. Nc3 {[%clk 1:28:29]}
dxc4 {[%clk 1:14:39]} 12. bxc4 {[%clk 1:28:56]} Rad8 {[%clk 1:13:41]} 13. Rac1
{[%clk 1:20:11]} Rd7 {[%clk 1:02:15]} 14. d4 {[%clk 0:49:34]} Rfd8 {[%clk
1:00:05]} 15. d5 {[%clk 0:47:18]} exd5 {[%clk 0:53:24]} 16. Bh3 {[%clk 0:47:23]}
dxc4 {[%clk 0:50:59]} 17. Bxd7 {[%clk 0:47:45]} Rxd7 {[%clk 0:51:19]} 18. Qxc4
{[%clk 0:40:33]} Na5 {[%clk 0:46:00]} 19. Qe2 {[%clk 0:40:41]} Qc6 {[%clk
0:41:37]} 20. Rxd7 {[%clk 0:37:33]} Nxd7 {[%clk 0:41:17]} 21. e4 {[%clk 0:37:44]}
Qe6 {[%clk 0:40:41]} 22. Rd1 {[%clk 0:33:00]} h6 {[%clk 0:36:51]} 23. Nd5 {[%clk
0:29:15]} Bxd5 {[%clk 0:30:57]} 24. Rxd5 {[%clk 0:29:43]} Nf6 {[%clk 0:30:57]}
25. Re5 {[%clk 0:20:03]} Qd7 {[%clk 0:30:58]} 26. Qd2 {[%clk 0:20:09]} Qb7 {[%clk
0:29:38]} 27. Qc3 {[%clk 0:19:57]} Kf8 {[%clk 0:28:51]} 28. Rf5 {[%clk 0:12:43]}
Qxe4 {[%clk 0:27:44]} 29. Re5 {[%clk 0:10:41]} Qb1+ {[%clk 0:23:37]} 30. Qe1
{[%clk 0:10:42]} Qxe1+ {[%clk 0:24:02]} 31. Rxe1 {[%clk 0:11:07]} Nc4 {[%clk
0:22:41]} 32. Ba1 {[%clk 0:11:04]} b5 {[%clk 0:22:17]} 33. Ne5 {[%clk 0:09:35]}
Nxe5 {[%clk 0:22:35]} 34. Bxe5 {[%clk 0:10:04]} a5 {[%clk 0:22:06]} 35. a4 {[%clk
0:05:43]} b4 {[%clk 0:22:13]} 36. Rc1 {[%clk 0:04:39]} Nd5 {[%clk 0:21:38]} 37.
Kf1 {[%clk 0:03:38]} f6 {[%clk 0:19:37]} 38. Bb8 {[%clk 0:01:51]} Nb6 {[%clk
0:18:59]} 39. Bc7 {[%clk 0:01:55]} Nxa4 {[%clk 0:18:18]} 40. Bxa5 {[%clk
0:31:45]} Nc3 {[%clk 0:37:10]} 41. Ke1 {[%clk 0:30:58]} Ke8 {[%clk 0:36:58]} 42.
Kd2 {[%clk 0:30:16]} Kd7 {[%clk 0:35:26]} 43. Kd3 {[%clk 0:29:50]} Kc6 {[%clk
0:35:19]} 44. Re1 {[%clk 0:22:50]} Bd6 {[%clk 0:34:12]} 45. Bd8 {[%clk 0:12:34]}
Kb5 {[%clk 0:27:43]} 46. Re6 {[%clk 0:08:49]} c4+ {[%clk 0:27:56]} 47. Kd2 {[%clk
0:08:51]} Bc5 {[%clk 0:26:52]} 48. Be7 {[%clk 0:07:01]} Bd4 {[%clk 0:25:16]} 49.
Bf8 {[%clk 0:04:58]} b3 {[%clk 0:24:51]} 50. Bxg7 {[%clk 0:04:29]} b2 {[%clk
0:25:09]} 51. Re1 {[%clk 0:04:33]} b1Q {[%clk 0:25:33]} 52. Rxb1+ {[%clk
0:04:57]} Nxb1+ {[%clk 0:25:59]} 53. Kc1 {[%clk 0:05:16]} Nc3 {[%clk 0:24:29]}
54. Bxh6 {[%clk 0:05:37]} Bxf2 {[%clk 0:24:51]} 55. Kd2 {[%clk 0:05:20]} Ne4+
{[%clk 0:24:38]} 56. Ke2 {[%clk 0:05:17]} Bd4 {[%clk 0:24:20]} 57. Bc1 {[%clk
0:03:58]} Bg1 {[%clk 0:23:08]} 58. h4 {[%clk 0:02:08]} Nxg3+ {[%clk 0:23:22]} 59.
Kf3 {[%clk 0:02:05]} Nf5 {[%clk 0:23:44]} 60. h5 {[%clk 0:01:21]} Bh2 {[%clk
0:21:22]} 61. Kg4 {[%clk 0:01:05]} Ne7 {[%clk 0:21:37]} 62. h6 {[%clk 0:01:07]}
Be5 {[%clk 0:21:54]} 63. h7 {[%clk 0:00:49]} f5+ {[%clk 0:22:12]} 64. Kg5 {[%clk
0:01:14]} c3 {[%clk 0:22:07]} 65. Ba3 {[%clk 0:00:38]} c2 {[%clk 0:22:28]} 66.
Bc1 {[%clk 0:00:56]} Kc4 {[%clk 0:22:43]} 67. Kh5 {[%clk 0:00:46]} Kd3 {[%clk
0:22:53]} 68. Bf4 {[%clk 0:00:42]} Bh8 {[%clk 0:23:18]} 69. Bg5 {[%clk 0:00:43]}
Ke2 {[%clk 0:23:37]} 70. Kh4 {[%clk 0:00:39]} Kd1 {[%clk 0:23:58]} 71. Kg3 {[%clk
0:00:49]} c1Q {[%clk 0:24:22]} 72. Bxc1 {[%clk 0:01:15]} Kxc1 {[%clk 0:24:47]}
1/2-1/2

[Event "Irena Warakomska Memorial 2019"]
[Site "Suwalki"]
[Date "2019.08.09"]
[Round "6"]
[White "Nowak, Lukasz"]
[Black "Warakomski, Tomasz"]
[Result "0-1"]
[Board "48"]
[WhiteElo "2257"]
[WhiteTitle "FM"]
[WhiteCountry "POL"]
[WhiteFideId "1166760"]
[WhiteEloChange "-4"]
[BlackElo "2497"]
[BlackTitle "GM"]
[BlackCountry "POL"]
[BlackFideId "1124552"]
[BlackEloChange "2"]

1. d4 {[%clk 1:30:54]} d6 {[%clk 1:27:59]} 2. c4 {[%clk 1:31:05]} e5 {[%clk
1:28:23]} 3. Nc3 {[%clk 1:31:26]} exd4 {[%clk 1:28:06]} 4. Qxd4 {[%clk 1:31:48]}
Nc6 {[%clk 1:28:32]} 5. Qd2 {[%clk 1:32:06]} Be6 {[%clk 1:27:57]} 6. b3 {[%clk
1:32:26]} Nf6 {[%clk 1:27:54]} 7. e4 {[%clk 1:32:40]} a5 {[%clk 1:28:10]} 8. Bd3
{[%clk 1:30:37]} a4 {[%clk 1:28:16]} 9. Rb1 {[%clk 1:28:45]} axb3 {[%clk
1:28:01]} 10. axb3 {[%clk 1:29:06]} g6 {[%clk 1:24:48]} 11. Nge2 {[%clk 1:28:23]}
Bg7 {[%clk 1:24:23]} 12. O-O {[%clk 1:26:22]} O-O {[%clk 1:24:35]} 13. Bb2 {[%clk
1:26:35]} Nd7 {[%clk 1:19:22]} 14. f4 {[%clk 1:00:23]} Bg4 {[%clk 1:03:59]} 15.
Nc1 {[%clk 0:46:01]} Nc5 {[%clk 0:37:16]} 16. Nd5 {[%clk 0:41:18]} Bxb2 {[%clk
0:26:14]} 17. Qxb2 {[%clk 0:41:03]} f5 {[%clk 0:26:33]} 18. h3 {[%clk 0:32:28]}
Bh5 {[%clk 0:23:10]} 19. exf5 {[%clk 0:28:27]} gxf5 {[%clk 0:23:18]} 20. Be2
{[%clk 0:27:06]} Bg6 {[%clk 0:21:58]} 21. Nd3 {[%clk 0:19:13]} Ne6 {[%clk
0:19:44]} 22. Ne1 {[%clk 0:14:37]} Nb8 {[%clk 0:18:38]} 23. Nc2 {[%clk 0:11:25]}
c6 {[%clk 0:18:51]} 24. Nde3 {[%clk 0:11:41]} Qh4 {[%clk 0:15:44]} 25. Kh2 {[%clk
0:09:33]} Nxf4 {[%clk 0:13:17]} 26. Qd4 {[%clk 0:09:41]} Qg3+ {[%clk 0:13:36]}
27. Kxg3 {[%clk 0:09:43]} Nxe2+ {[%clk 0:14:03]} 28. Kh2 {[%clk 0:07:52]} Nxd4
{[%clk 0:14:30]} 29. Nxd4 {[%clk 0:08:14]} f4 {[%clk 0:14:57]} 30. Nec2 {[%clk
0:05:18]} c5 {[%clk 0:14:47]} 31. Ne6 {[%clk 0:05:34]} Rf6 {[%clk 0:11:42]} 32.
Nc7 {[%clk 0:04:44]} Ra2 {[%clk 0:12:05]} 33. Nd5 {[%clk 0:04:30]} Rf7 {[%clk
0:11:50]} 34. Ra1 {[%clk 0:02:43]} Rxc2 {[%clk 0:12:00]} 35. Ra8 {[%clk 0:03:02]}
Rf8 {[%clk 0:11:23]} 36. Rxf4 {[%clk 0:03:23]} Nd7 {[%clk 0:11:11]} 37. Rfxf8+
{[%clk 0:01:48]} Nxf8 {[%clk 0:11:38]} 0-1

[Event "Irena Warakomska Memorial 2019"]
[Site "Suwalki"]
[Date "2019.08.10"]
[Round "7"]
[White "Karthik Venkataraman"]
[Black "Tomczak, Jacek"]
[Result "0-1"]
[Board "2"]
[WhiteElo "2462"]
[WhiteTitle "GM"]
[WhiteCountry "IND"]
[WhiteFideId "25006479"]
[WhiteEloChange "-3"]
[BlackElo "2628"]
[BlackTitle "GM"]
[BlackCountry "POL"]
[BlackFideId "1124668"]
[BlackEloChange "3"]

1. d4 {[%clk 1:30:57]} Nf6 {[%clk 1:30:42]} 2. c4 {[%clk 1:31:20]} e6 {[%clk
1:30:45]} 3. Nf3 {[%clk 1:31:45]} Bb4+ {[%clk 1:30:38]} 4. Bd2 {[%clk 1:32:08]}
Qe7 {[%clk 1:30:52]} 5. g3 {[%clk 1:32:28]} Bxd2+ {[%clk 1:30:55]} 6. Qxd2 {[%clk
1:32:36]} Nc6 {[%clk 1:31:07]} 7. Nc3 {[%clk 1:32:59]} d5 {[%clk 1:31:28]} 8. Ne5
{[%clk 1:29:04]} dxc4 {[%clk 1:31:44]} 9. Bg2 {[%clk 1:25:36]} Nxe5 {[%clk
1:32:07]} 10. dxe5 {[%clk 1:26:02]} Nd7 {[%clk 1:32:32]} 11. Qd4 {[%clk 1:24:28]}
a6 {[%clk 1:32:52]} 12. O-O {[%clk 1:18:58]} Qc5 {[%clk 1:23:24]} 13. Qxc5 {[%clk
1:17:42]} Nxc5 {[%clk 1:22:54]} 14. Rfc1 {[%clk 1:13:44]} Rb8 {[%clk 1:00:12]}
15. Ne4 {[%clk 1:09:54]} Nxe4 {[%clk 1:00:36]} 16. Bxe4 {[%clk 1:10:19]} b5
{[%clk 1:01:00]} 17. b3 {[%clk 1:10:29]} Bb7 {[%clk 0:59:35]} 18. Bxb7 {[%clk
1:09:56]} Rxb7 {[%clk 1:00:01]} 19. bxc4 {[%clk 1:10:18]} b4 {[%clk 1:00:21]} 20.
Rd1 {[%clk 1:03:02]} Ke7 {[%clk 0:57:24]} 21. Rd3 {[%clk 1:03:23]} a5 {[%clk
0:34:58]} 22. Kf1 {[%clk 1:00:03]} a4 {[%clk 0:24:17]} 23. Ke1 {[%clk 1:00:08]}
Rd8 {[%clk 0:23:49]} 24. Rad1 {[%clk 0:52:14]} Rxd3 {[%clk 0:19:29]} 25. exd3
{[%clk 0:52:36]} b3 {[%clk 0:19:42]} 26. a3 {[%clk 0:46:25]} c5 {[%clk 0:17:31]}
27. Kd2 {[%clk 0:46:50]} g5 {[%clk 0:16:12]} 28. Kc3 {[%clk 0:45:50]} Rb8 {[%clk
0:16:17]} 29. Rd2 {[%clk 0:45:49]} Rf8 {[%clk 0:11:12]} 30. d4 {[%clk 0:37:30]}
cxd4+ {[%clk 0:09:27]} 31. Rxd4 {[%clk 0:37:55]} Rb8 {[%clk 0:08:32]} 32. Rd2
{[%clk 0:37:38]} g4 {[%clk 0:08:30]} 33. Rd1 {[%clk 0:34:55]} h5 {[%clk 0:08:37]}
34. Rd2 {[%clk 0:28:41]} Rb7 {[%clk 0:08:32]} 35. Rd1 {[%clk 0:29:02]} Rb8 {[%clk
0:07:41]} 36. Rd2 {[%clk 0:29:26]} Ke8 {[%clk 0:06:54]} 37. Rd1 {[%clk 0:29:41]}
Rd8 {[%clk 0:06:33]} 38. Rf1 {[%clk 0:28:25]} Ke7 {[%clk 0:06:05]} 39. Rb1 {[%clk
0:27:51]} Kd7 {[%clk 0:06:01]} 40. Rf1 {[%clk 0:55:03]} Kc6 {[%clk 0:31:03]} 41.
f3 {[%clk 0:54:34]} Rb8 {[%clk 0:23:22]} 42. Kb2 {[%clk 0:53:27]} Kc5 {[%clk
0:22:31]} 43. fxg4 {[%clk 0:52:27]} hxg4 {[%clk 0:22:51]} 44. Rxf7 {[%clk
0:52:37]} Rh8 {[%clk 0:22:55]} 45. Rf2 {[%clk 0:47:52]} Rh5 {[%clk 0:21:09]} 46.
Re2 {[%clk 0:37:14]} Rf5 {[%clk 0:18:33]} 47. Kc3 {[%clk 0:36:53]} Rf3+ {[%clk
0:17:30]} 48. Kb2 {[%clk 0:37:17]} Rf1 {[%clk 0:17:32]} 49. h3 {[%clk 0:35:24]}
gxh3 {[%clk 0:17:08]} 50. Rh2 {[%clk 0:35:50]} Kxc4 {[%clk 0:11:37]} 51. Rxh3
{[%clk 0:36:15]} Rf2+ {[%clk 0:11:26]} 52. Kb1 {[%clk 0:36:39]} Rg2 {[%clk
0:10:51]} 53. Rh8 {[%clk 0:35:54]} Rxg3 {[%clk 0:10:34]} 54. Rc8+ {[%clk
0:35:58]} Kd4 {[%clk 0:07:31]} 55. Ra8 {[%clk 0:36:22]} Re3 {[%clk 0:07:04]} 56.
Kb2 {[%clk 0:36:24]} Re2+ {[%clk 0:07:30]} 57. Kb1 {[%clk 0:36:51]} Rxe5 {[%clk
0:07:24]} 58. Rd8+ {[%clk 0:36:37]} Kc4 {[%clk 0:06:48]} 59. Rc8+ {[%clk
0:37:01]} Kd3 {[%clk 0:06:59]} 60. Ra8 {[%clk 0:35:45]} Re4 {[%clk 0:06:13]} 61.
Rd8+ {[%clk 0:36:03]} Kc3 {[%clk 0:06:19]} 62. Rc8+ {[%clk 0:36:24]} Kd3 {[%clk
0:06:44]} 63. Rd8+ {[%clk 0:36:50]} Kc3 {[%clk 0:06:04]} 64. Rc8+ {[%clk
0:37:01]} Rc4 {[%clk 0:06:23]} 65. Re8 {[%clk 0:37:20]} Rc6 {[%clk 0:06:49]} 66.
Re7 {[%clk 0:35:53]} Ra6 {[%clk 0:06:58]} 0-1

[Event "Irena Warakomska Memorial 2019"]
[Site "Suwalki"]
[Date "2019.08.10"]
[Round "7"]
[White "Nasuta, Grzegorz"]
[Black "Malakhatko, Vadim"]
[Result "0-1"]
[Board "3"]
[WhiteElo "2533"]
[WhiteTitle "GM"]
[WhiteCountry "POL"]
[WhiteFideId "1141686"]
[WhiteEloChange "-6"]
[BlackElo "2456"]
[BlackTitle "GM"]
[BlackCountry "BEL"]
[BlackFideId "14104202"]
[BlackEloChange "6"]

1. e4 {[%clk 1:30:55]} e5 {[%clk 1:29:50]} 2. Nf3 {[%clk 1:30:45]} Nf6 {[%clk
1:30:13]} 3. Nxe5 {[%clk 1:28:56]} d6 {[%clk 1:30:36]} 4. Nf3 {[%clk 1:29:21]}
Nxe4 {[%clk 1:31:00]} 5. Nc3 {[%clk 1:29:45]} Nf6 {[%clk 1:31:20]} 6. d4 {[%clk
1:28:31]} Be7 {[%clk 1:28:26]} 7. Bd3 {[%clk 1:21:44]} O-O {[%clk 1:24:50]} 8.
Be3 {[%clk 1:15:36]} Nbd7 {[%clk 1:21:06]} 9. Qe2 {[%clk 1:09:05]} a6 {[%clk
1:13:55]} 10. O-O-O {[%clk 0:46:09]} b5 {[%clk 1:14:17]} 11. Ng5 {[%clk 0:45:06]}
Bb7 {[%clk 1:08:56]} 12. h4 {[%clk 0:45:30]} Re8 {[%clk 0:48:59]} 13. Nce4 {[%clk
0:37:09]} Bf8 {[%clk 0:37:56]} 14. Qf3 {[%clk 0:30:24]} Bd5 {[%clk 0:15:15]} 15.
Nxf6+ {[%clk 0:13:32]} Nxf6 {[%clk 0:15:38]} 16. Bxh7+ {[%clk 0:12:54]} Kh8
{[%clk 0:12:17]} 17. Qe2 {[%clk 0:13:20]} Qd7 {[%clk 0:06:01]} 18. Qd3 {[%clk
0:09:31]} Bxg2 {[%clk 0:04:05]} 19. Bf5 {[%clk 0:09:28]} Qe7 {[%clk 0:04:32]} 20.
Rhe1 {[%clk 0:05:22]} Bd5 {[%clk 0:04:55]} 21. Bd2 {[%clk 0:05:02]} Qd8 {[%clk
0:05:19]} 22. b3 {[%clk 0:05:12]} g6 {[%clk 0:03:24]} 23. Bh3 {[%clk 0:03:46]}
Kg8 {[%clk 0:03:18]} 24. f4 {[%clk 0:03:35]} Rxe1 {[%clk 0:02:10]} 25. Rxe1
{[%clk 0:04:00]} c5 {[%clk 0:02:11]} 26. f5 {[%clk 0:02:37]} c4 {[%clk 0:02:14]}
27. Qf1 {[%clk 0:02:40]} gxf5 {[%clk 0:01:32]} 28. Qxf5 {[%clk 0:01:58]} Bg7
{[%clk 0:01:57]} 29. Rg1 {[%clk 0:02:25]} Qe7 {[%clk 0:00:56]} 30. Nh7 {[%clk
0:02:10]} Nxh7 {[%clk 0:00:47]} 31. Qxd5 {[%clk 0:00:48]} Re8 {[%clk 0:00:41]}
32. Bh6 {[%clk 0:00:45]} c3 {time[%clk 0:00:45]} 0-1

[Event "Irena Warakomska Memorial 2019"]
[Site "Suwalki"]
[Date "2019.08.10"]
[Round "7"]
[White "Iturrizaga Bonelli, Eduardo"]
[Black "Matviishen, Viktor"]
[Result "1-0"]
[Board "7"]
[WhiteElo "2635"]
[WhiteTitle "GM"]
[WhiteCountry "VEN"]
[WhiteFideId "3901211"]
[WhiteEloChange "3"]
[BlackElo "2501"]
[BlackTitle "IM"]
[BlackCountry "UKR"]
[BlackFideId "14129850"]
[BlackEloChange "-3"]

1. c4 {[%clk 1:25:56]} c5 {[%clk 1:30:49]} 2. Nf3 {[%clk 1:25:32]} Nf6 {[%clk
1:31:10]} 3. Nc3 {[%clk 1:25:02]} d5 {[%clk 1:31:30]} 4. cxd5 {[%clk 1:25:04]}
Nxd5 {[%clk 1:31:53]} 5. e3 {[%clk 1:25:32]} e6 {[%clk 1:29:14]} 6. Bc4 {[%clk
1:23:54]} Nb6 {[%clk 1:28:04]} 7. Bb3 {[%clk 1:23:52]} Be7 {[%clk 1:27:32]} 8.
O-O {[%clk 1:24:11]} O-O {[%clk 1:27:46]} 9. d4 {[%clk 1:22:19]} N8d7 {[%clk
1:26:31]} 10. Qe2 {[%clk 1:19:02]} cxd4 {[%clk 1:25:51]} 11. exd4 {[%clk
1:18:52]} Nf6 {[%clk 1:26:10]} 12. Rd1 {[%clk 1:08:30]} h6 {[%clk 1:11:26]} 13.
Ne5 {[%clk 1:06:11]} Nbd5 {[%clk 1:11:28]} 14. Rd3 {[%clk 1:05:29]} Nh7 {[%clk
1:03:56]} 15. Bxh6 {[%clk 0:26:20]} gxh6 {[%clk 1:02:21]} 16. Nxd5 {[%clk
0:22:32]} exd5 {[%clk 1:02:32]} 17. Rg3+ {[%clk 0:22:51]} Ng5 {[%clk 0:51:05]}
18. h4 {[%clk 0:22:23]} Bf5 {[%clk 0:50:32]} 19. hxg5 {[%clk 0:17:19]} hxg5
{[%clk 0:50:57]} 20. Qh5 {[%clk 0:09:39]} Kg7 {[%clk 0:49:18]} 21. Re1 {[%clk
0:06:28]} Rc8 {[%clk 0:46:32]} 22. Nxf7 {[%clk 0:03:26]} Rxf7 {[%clk 0:44:36]}
23. Rxe7 {[%clk 0:03:52]} Qxe7 {[%clk 0:44:42]} 24. Rxg5+ {[%clk 0:04:18]} Qxg5
{[%clk 0:45:08]} 25. Qxg5+ {[%clk 0:04:43]} Bg6 {[%clk 0:45:31]} 26. Bxd5 {[%clk
0:04:51]} Rf5 {[%clk 0:44:48]} 27. Qe7+ {[%clk 0:05:16]} Kh6 {[%clk 0:42:39]} 28.
Qe3+ {[%clk 0:05:41]} Kg7 {[%clk 0:43:05]} 29. Be6 {[%clk 0:05:26]} Re8 {[%clk
0:43:30]} 30. d5 {[%clk 0:05:53]} Rf6 {[%clk 0:43:17]} 31. Qd4 {[%clk 0:05:14]}
Rf8 {[%clk 0:42:55]} 32. f4 {[%clk 0:04:15]} Kh6 {[%clk 0:43:11]} 33. g3 {[%clk
0:04:41]} Bf5 {[%clk 0:42:41]} 34. Qe5 {[%clk 0:05:06]} Kg6 {[%clk 0:41:52]} 35.
Kf2 {[%clk 0:05:31]} Bxe6 {[%clk 0:41:20]} 36. dxe6 {[%clk 0:05:57]} Rf5 {[%clk
0:41:47]} 37. Qe4 {[%clk 0:06:22]} Kf6 {[%clk 0:41:58]} 38. g4 {[%clk 0:06:44]}
Rb5 {[%clk 0:41:36]} 39. f5 {[%clk 0:06:17]} Ke7 {[%clk 0:40:49]} 40. b3 {[%clk
0:35:31]} Rd8 {[%clk 1:10:01]} 41. Qf4 {[%clk 0:35:33]} Rc8 {[%clk 1:09:22]} 42.
Qg5+ {[%clk 0:35:43]} Kd6 {[%clk 1:09:48]} 43. Qg7 {[%clk 0:35:05]} Rbc5 {[%clk
1:08:34]} 44. Kg3 {[%clk 0:33:20]} R5c7 {[%clk 1:03:26]} 1-0

[Event "Irena Warakomska Memorial 2019"]
[Site "Suwalki"]
[Date "2019.08.10"]
[Round "7"]
[White "Karavade, Eesha"]
[Black "Czarnota, Pawel"]
[Result "0-1"]
[Board "11"]
[WhiteElo "2355"]
[WhiteTitle "IM"]
[WhiteCountry "IND"]
[WhiteFideId "5012600"]
[WhiteEloChange "-5"]
[BlackElo "2532"]
[BlackTitle "GM"]
[BlackCountry "POL"]
[BlackFideId "1121219"]
[BlackEloChange "3"]

1. e4 {[%clk 1:30:47]} c5 {[%clk 1:29:10]} 2. Nf3 {[%clk 1:31:08]} e6 {[%clk
1:28:39]} 3. b3 {[%clk 1:29:44]} d6 {[%clk 1:25:07]} 4. Bb5+ {[%clk 1:27:25]} Nd7
{[%clk 1:23:30]} 5. Bb2 {[%clk 1:25:15]} Nf6 {[%clk 1:21:59]} 6. e5 {[%clk
1:22:25]} dxe5 {[%clk 1:19:09]} 7. Nxe5 {[%clk 1:19:49]} Be7 {[%clk 1:17:08]} 8.
Nxd7 {[%clk 1:14:15]} Bxd7 {[%clk 1:16:30]} 9. Qe2 {[%clk 1:14:04]} O-O {[%clk
1:15:01]} 10. Bxd7 {[%clk 1:13:32]} Qxd7 {[%clk 1:12:39]} 11. Nc3 {[%clk
1:12:48]} Rfd8 {[%clk 1:09:50]} 12. Rd1 {[%clk 1:12:55]} Nd5 {[%clk 0:49:37]} 13.
Nxd5 {[%clk 1:12:28]} exd5 {[%clk 0:45:03]} 14. a4 {[%clk 1:12:15]} Re8 {[%clk
0:44:23]} 0-1

[Event "Irena Warakomska Memorial 2019"]
[Site "Suwalki"]
[Date "2019.08.10"]
[Round "7"]
[White "Galperin, Platon"]
[Black "Efroimski, Marsel"]
[Result "1/2-1/2"]
[Board "16"]
[WhiteElo "2459"]
[WhiteCountry "UKR"]
[WhiteFideId "14165414"]
[WhiteEloChange "-2"]
[BlackElo "2318"]
[BlackTitle "WGM"]
[BlackCountry "ISR"]
[BlackFideId "2810964"]
[BlackEloChange "4"]

1. c4 {[%clk 1:30:55]} e5 {[%clk 1:30:56]} 2. Nc3 {[%clk 1:31:20]} Nf6 {[%clk
1:31:22]} 3. Nf3 {[%clk 1:31:46]} Nc6 {[%clk 1:31:45]} 4. e3 {[%clk 1:32:13]} Bb4
{[%clk 1:32:09]} 5. Qc2 {[%clk 1:32:42]} Bxc3 {[%clk 1:32:29]} 6. bxc3 {[%clk
1:33:05]} d6 {[%clk 1:32:30]} 7. e4 {[%clk 1:33:25]} O-O {[%clk 1:32:27]} 8. g3
{[%clk 1:33:43]} Nh5 {[%clk 1:27:16]} 9. Nh4 {[%clk 1:30:48]} f5 {[%clk 1:08:19]}
10. Nxf5 {[%clk 1:26:47]} Qf6 {[%clk 1:08:38]} 11. d3 {[%clk 1:26:07]} Bxf5
{[%clk 1:01:20]} 12. exf5 {[%clk 1:26:34]} Qxf5 {[%clk 1:00:29]} 13. Bg2 {[%clk
1:26:56]} Nd8 {[%clk 0:51:41]} 14. O-O {[%clk 1:26:39]} Rb8 {[%clk 0:50:21]} 15.
Be3 {[%clk 1:22:42]} b6 {[%clk 0:49:43]} 16. Qa4 {[%clk 1:20:13]} Nf6 {[%clk
0:31:18]} 17. Qxa7 {[%clk 0:59:27]} Ne6 {[%clk 0:31:36]} 18. d4 {[%clk 0:58:46]}
Nf4 {[%clk 0:27:09]} 19. dxe5 {[%clk 0:39:19]} Nxg2 {[%clk 0:25:00]} 20. exf6
{[%clk 0:29:40]} Nh4 {[%clk 0:07:17]} 21. Qxc7 {[%clk 0:23:41]} Nf3+ {[%clk
0:07:26]} 22. Kg2 {[%clk 0:23:54]} Nh4+ {[%clk 0:07:00]} 23. Kg1 {[%clk 0:24:22]}
Nf3+ {[%clk 0:07:24]} 24. Kh1 {[%clk 0:20:39]} Qxf6 {[%clk 0:07:24]} 25. Qc6
{[%clk 0:20:39]} Qf5 {[%clk 0:07:42]} 26. Qc7 {[%clk 0:20:39]} Rf6 {[%clk
0:07:42]} 27. Qxb8+ {[%clk 0:20:39]} Rf8 {[%clk 0:07:42]} 1/2-1/2

[Event "Irena Warakomska Memorial 2019"]
[Site "Suwalki"]
[Date "2019.08.10"]
[Round "7"]
[White "Cukrowski, Filip"]
[Black "Pniaczek, Marek"]
[Result "1-0"]
[Board "18"]
[WhiteElo "2424"]
[WhiteTitle "FM"]
[WhiteCountry "POL"]
[WhiteFideId "1171097"]
[WhiteEloChange "2"]
[BlackElo "2180"]
[BlackTitle "CM"]
[BlackCountry "POL"]
[BlackFideId "21800421"]
[BlackEloChange "-4"]

1. e4 {[%clk 1:26:53]} e5 {[%clk 1:30:57]} 2. Nc3 {[%clk 1:24:18]} Nc6 {[%clk
1:30:17]} 3. g3 {[%clk 1:15:47]} Bc5 {[%clk 1:30:02]} 4. Bg2 {[%clk 1:16:08]} h5
{[%clk 1:29:52]} 5. Nf3 {[%clk 1:05:15]} h4 {[%clk 1:28:44]} 6. gxh4 {[%clk
0:45:17]} Rxh4 {[%clk 0:59:15]} 7. d4 {[%clk 0:39:20]} Bxd4 {[%clk 0:46:28]} 8.
Bg5 {[%clk 0:33:45]} Bxc3+ {[%clk 0:46:42]} 9. Kf1 {[%clk 0:34:09]} Qxg5 {[%clk
0:43:47]} 10. Nxg5 {[%clk 0:34:04]} Bxb2 {[%clk 0:44:02]} 11. Rb1 {[%clk
0:32:18]} Bd4 {[%clk 0:43:53]} 12. Nf3 {[%clk 0:30:44]} Rf4 {[%clk 0:42:42]} 13.
Nxd4 {[%clk 0:31:05]} Nxd4 {[%clk 0:42:32]} 14. c3 {[%clk 0:28:18]} Ne6 {[%clk
0:31:52]} 15. Bh3 {[%clk 0:27:20]} Nc5 {[%clk 0:30:39]} 16. Rg1 {[%clk 0:24:48]}
g6 {[%clk 0:30:15]} 17. Rb5 {[%clk 0:20:55]} d6 {[%clk 0:21:53]} 18. Bxc8 {[%clk
0:21:18]} Rxc8 {[%clk 0:22:18]} 19. Rxc5 {[%clk 0:21:34]} dxc5 {[%clk 0:22:37]}
20. Qd5 {[%clk 0:21:50]} Ne7 {[%clk 0:22:35]} 21. Qxe5 {[%clk 0:20:53]} Rh4
{[%clk 0:22:40]} 22. Rg3 {[%clk 0:19:27]} b6 {[%clk 0:20:43]} 23. Kg2 {[%clk
0:16:25]} Rh5 {[%clk 0:19:06]} 24. Qg7 {[%clk 0:13:46]} Rd8 {[%clk 0:18:34]} 25.
Rf3 {[%clk 0:13:44]} Rg5+ {[%clk 0:14:43]} 26. Kf1 {[%clk 0:13:53]} f5 {[%clk
0:14:47]} 27. Qh8+ {[%clk 0:14:12]} 1-0